00479nam a2200193 a 4500001001300000003000900013005001700022008004100039020002300080082001700103100001800120245001900138260003100157300000900188500003500197505001000232650002500242700001800267nice12345678IN_TiNIC20260116014041.0050524s2003 dela grp 000 0 eng  a0679565 c29500a297.211bDEW aDewan, Parvez aNames of Allah aDelhibPenguin Booksc2003 a186p aincludes index and biblioraphy2 aIndex aGod-Islam-attributes1 aDewan, Parvez